Sports Quiz

Random Sports or NBA Quiz

Countries producing NBA/ABA players Quiz Stats

Quiz not verified by Sporcle

Challenge
Share
Tweet
Embed
Score 0/33 Timer 07:00
0 Plays Today
Number of players born Country % Correct
~4000United States
99.6%
15Canada
97.8%
11Spain
94.4%
15France (including territories)
94.2%
14Germany
93.8%
6China
92.6%
6Russia
90.9%
8Argentina
90.5%
8Brazil
90.4%
8United Kingdom
87.9%
6Italy
86.7%
8Australia
83.2%
4Greece
71.1%
4Turkey
70.8%
14Serbia
68.5%
8Lithuania
66.1%
4Poland
65.8%
Number of players born Country % Correct
13Croatia
63.5%
7Nigeria
62.2%
5Ukraine
59.9%
6Netherlands
59.8%
3Cuba
57%
8Slovenia
53.4%
5Dominican Republic
49.3%
4Jamaica
49.1%
3Sudan
42.6%
3Haiti
41.4%
4Montenegro
39.1%
6Bosnia and Herzegovina
34.4%
7Senegal
30.2%
3Panama
30.2%
3 Bahamas
27.2%
4Georgia
26.3%

You're not logged in!

Compare scores with friends on all Sporcle quizzes.
Sign Up with Email
OR
Log In

You Might Also Like...

Show Comments

Extras

Top Quizzes Today


Score Distribution

Your Account Isn't Verified!

In order to create a playlist on Sporcle, you need to verify the email address you used during registration. Go to your Sporcle Settings to finish the process.